000 00839cam a22002532 4500
001 0000005185
005 20151217155211.0
008 070608s xx 000 0 eng d
020 _a812031817X :
_cKES 2,100
040 _aKABU
_cKABU
050 0 _aTK5105.565
_b.C47
100 1 _aChristenberry, Jonnie R.
_@0000156335
245 1 0 _aCGI :
_bfast and easy web development /
_cJonnie R. Christenberry, T. C. Bradley, Troy McKenna.
260 _aNew Delhi :
_bPrentice Hall of India,
_c2000.
300 _axix, 443 p.
500 _aWith CD-ROM.
650 0 _aWebsite development.
_@0000156336
650 0 _aCGI (Computer network protocol)
_@0000156337
700 1 _aBradley, T. C.
_@0000156338
700 1 _aMcKenna, Troy.
_@0000156339
908 _a070608
950 _@1
999 _c11954
_d11954